Normal view
MARC view
- Aman Khan, Abdullah
Entry Personal Name
001 - CONTROL NUMBER
- control field: 16048
003 - CONTROL NUMBER IDENTIFIER
- control field: NUST
005 - DATE AND TIME OF LATEST TRANSACTION
- control field: 20190630115353.0
008 - FIXED-LENGTH DATA ELEMENTS
- fixed length control field: 190630|| aca||aabn | a|a d
040 ## - CATALOGING SOURCE
- Original cataloging agency: NUST
- Transcribing agency: NUST
100 ## - HEADING--PERSONAL NAME
- Personal name: Aman Khan, Abdullah
670 ## - SOURCE DATA FOUND
- Source citation: Work cat.: (NUST)524683: Aman Khan, Abdullah, Architecture and Digital Design of a Flexible Correlation filter Processor /, 2014.
